000 00439nam a2200169 4500
001 121365
003 ES-MaACL
005 20250822063202.0
007 t|
008 070214s1927 sp r ||||1| cat d
100 1 _aPla, Josep,
_d1897-1981
_9164614
245 1 0 _aRelacions /
_cJosep Pla.
260 _aBarcelona :
_bDiana,
_c1927.
300 _a279 p. ;
_c19 x 13 cm.
852 _aES-MaACL
_jF-3299
999 _c121365
_d121365